| 000 | 00000nam##2200000za#4500 |
| 001 | 9.607629 |
| 003 | CaOODSP |
| 005 | 20210624213224 |
| 007 | cr ||||||||||| |
| 008 | 150406|2014||||xxc|||||o f|0| 0 fre|d |
| 020 | |a978-0-660-22681-1 |
| 040 | |aCaOODSP|bfre |
| 043 | |an-cn--- |
| 086 | 1 |aEm15-1/7-2014F-PDF |
| 110 | 1 |aCanada.|bEmploi et développement social Canada. |bDirection générale des compétences et de l'emploi. |
| 245 | 10|aDébosseleur-peintre/débosseleuse-peintre / |h[ressource électronique]|c[par] Division des métiers et de l'apprentissage, Direction des Partenaires en milieu de travail. |
| 260 | |aGatineau - Québec : |bEmploi et Développement social Canada. |c2014. |
| 300 | |a108p.|bglossaire |
| 490 | 1 |aSérie d'analyses de professions|vClassification nationale des professions : 7322 |
| 590 | |a15-02|b2015-01-09 |
| 691 | 07|aProfession|2gcpds |
| 775 | 08|tMotor vehicle body repairer (metal and paint) / |w(CaOODSP)9.580694 |
| 830 | #0|aSérie d'analyses de professions ;|vClassification nationale des professions : 7322|w(CaOODSP)9.501731 |
| 856 | 40|ahttp://publications.gc.ca|qPDF|s1.19 Mo|uhttps://publications.gc.ca/collections/collection_2015/edsc-esdc/Em15-1-7-2014-fra.pdf|yClassification nationale des professions : 7322 |
| 986 | |aLM-449-09-14F |